Generácie v historickom kontexte

Generácie, narodené do druhej svetovej vojny. Povojnové generácie, narodené do roku 1980.

Salvato in:
Dettagli Bibliografici
Autore principale: Kasala, Karol
Natura: Capitolo di libro
Lingua:slovacco
Soggetti:
Tags: Aggiungi Tag
Nessun Tag, puoi essere il primo ad aggiungerne!!

MARC

LEADER 00000naa a2200000 4500
001 0250302
005 20221104111537.9
041 0 |a slo 
044 |a SK 
245 1 0 |a Generácie v historickom kontexte  |c Karol Kasala 
520 |a Generácie, narodené do druhej svetovej vojny. Povojnové generácie, narodené do roku 1980. 
610 2 0 |a generácie 
610 2 0 |a Amerika 
610 2 0 |a Európa 
610 2 0 |a Slovensko 
610 2 0 |a siete sociálne 
610 2 0 |a demografia 
610 2 0 |a obdobie povojnové 
610 2 0 |a globalizácia 
610 2 0 |a spoločnosť informačná 
100 1 |a Kasala, Karol